000 00687nam a2200241Ia 4500
008 180523s9999 xx 000 0 und d
020 _a1-86046-738-5
050 _aMAIN QA 141.2
050 _b.I37 2000
100 _aIfrah, Georges.
245 4 _aThe Universal history of numbers :
245 4 _bthe Computer and the information revolution /
245 0 _cGeorges Ifrah.
260 _aLondon :
260 _bThe Harvill Press.,
260 _c2000
300 _a410 pages :
300 _c22 cm.
500 _aIncludes bibliographical references and index.
650 _aNumber concept -- History.
650 _aNumeration -- History.
650 _xNumerals -- History.
999 _c357421
_d357421